| 000 | 00410cam a2200157ua 4500 | ||
|---|---|---|---|
| 041 |
_aeng _h |
||
| 082 |
_a954.02 _bMOH/SO |
||
| 100 | _aMohammad, Yasin. | ||
| 245 |
_aSocial history of Islamic India / _cMohammad Yasin. _hTextual Documents |
||
| 250 |
_a1 / _b. |
||
| 260 |
_aLucknow : _bThe Upper India Publishing House Ltd , _c1958. |
||
| 300 | _a234 ; . | ||
| 504 | _a | ||
| 942 | _cBK | ||
| 999 |
_c262 _d262 |
||